When east meets west : Chichen Itza, Tula, and the postclassic Mesoamerican world /

Bibliographic Details
Other Authors: Stanton, Travis W., 1971- (Editor), Taube, Karl A. (Editor), Coltman, Jeremy D. (Editor), Camacho, Nelda I. Marengo (Editor)
Format: Book
Language:English
Published: Oxford, UK : BAR Publishing, [2023].
Series:BAR international series ; 3134.
BAR international series. Archaeology of the Maya ; v. 12.
Subjects:

MARC

Tag First Indicator Second Indicator Subfields
LEADER 00000cam a2200000 i 4500
001 in00004790521
008 230627t20232023enkab b 000 0 eng d
005 20240516191403.6
010 |a  2023553546 
035 |a (OCoLC)on1389772815 
040 |a DLC  |e rda  |c DLC  |d TXA 
020 |a 9781407359717  |q (2 volume set) 
020 |a 1407359711  |q (2 volume set) 
020 |a 9781407319810  |q (paperback :  |q v. 1) 
020 |a 1407319817  |q (paperback :  |q v. 1) 
020 |a 9781407353647  |q (paperback :  |q v. 2) 
020 |a 1407353640  |q (paperback :  |q v. 2) 
020 |z 9781407359724  |q set  |q e-format 
035 |a (OCoLC)1389772815 
043 |a n-mx--- 
050 0 0 |a F1219.7  |b .W44 2023 
082 0 0 |a 972.00497  |2 23 
245 0 0 |a When east meets west :  |b Chichen Itza, Tula, and the postclassic Mesoamerican world /  |c edited by Travis W. Stanton, Karl A. Taube, Jeremy D. Coltman, Nelda I. Marengo Camacho. 
264 1 |a Oxford, UK :  |b BAR Publishing,  |c [2023]. 
264 4 |c ©2023. 
300 |a 2 volumes (xi, 966 pages) :  |b illustrations (some color), maps ;  |c 30 cm. 
336 |a text  |2 rdacontent 
337 |a unmediated  |2 rdamedia 
338 |a volume  |2 rdacarrier 
490 1 |a BAR international series ;  |v 3134 
490 1 |a Archaeology of the Maya ;  |v volume 12 
504 |a Includes bibliographical references. 
650 0 |a Indians of Mexico  |x Civilization. 
651 0 |a Teotihuacán Site (San Juan Teotihuacán, Mexico)  |x Antiquities. 
651 0 |a Chichén Itzá Site (Mexico)  |x Antiquities. 
651 0 |a Tula Site (Tula de Allende, Mexico)  |x Antiquities. 
700 1 |a Stanton, Travis W.,  |d 1971-  |e editor. 
700 1 |a Taube, Karl A.,  |e editor. 
700 1 |a Coltman, Jeremy D.,  |e editor. 
700 1 |a Camacho, Nelda I. Marengo,  |e editor. 
830 0 |a BAR international series ;  |v 3134. 
830 0 |a BAR international series.  |p Archaeology of the Maya ;  |v v. 12. 
948 |a dmitchel 5/16/24 2.10.20 
994 |a Z0  |b TXA 
999 f f |s 9b219403-8ae9-4fd8-b56a-1fd57332f375  |i 7cc8e1d5-e4e1-420d-a638-813be3769f73  |t 0 
952 f f |p normal  |a Texas A&M University  |b College Station  |c Sterling C. Evans Library  |d Evans: Library Stacks  |t 0  |e F1219.7 .W44 2023  |h Library of Congress classification  |i unmediated -- volume  |k v.1  |m A14852167965 
952 f f |p normal  |a Texas A&M University  |b College Station  |c Sterling C. Evans Library  |d Evans: Library Stacks  |t 0  |e F1219.7 .W44 2023  |h Library of Congress classification  |i unmediated -- volume  |k v.2  |m A14852167973 
998 f f |a F1219.7 .W44 2023  |t 0  |l Evans: Library Stacks